| 000 | 00358nab a22001097u 4500 | ||
|---|---|---|---|
| 008 | 130520b2002 xxu||||| |||| 00| 0 spa d | ||
| 041 | _aspa | ||
| 100 | 1 |
_aAguilar Piñal, Francisco _94327 |
|
| 245 | 0 | 0 |
_aEn busca de un nombre: País Vasco _cFrancisco Aguilar Piñal |
| 773 | 0 |
_tTorre de los Lujanes _gnº47,2002,págs. 167-174 _x1136-4343 _wRev481 |
|
| 942 | _cAR | ||
| 999 |
_c358608 _d358608 |
||